Tramwaje Warszawa- Linia 22 (przystanki) - Statystyki

Ogólne statystyki
  • Ten quiz został rozwiązany 63 razy
  • Średni wynik to 24 z 34
Statystyki odpowiedzi
Numer przystanku Nazwa przystanku % Poprawnych
20. Centrum
94%
21. Krucza
88%
23. Most Poniatowskiego
88%
33. Wiatraczna
88%
34. Wiatraczna
88%
19. Dworzec Centralny
86%
22. Muzeum Narodowe
86%
13. Okopowa
84%
16. Plac Zawiszy
84%
17. Plac Zawiszy
84%
15. Rondo Daszyńskiego
84%
1. Piaski
82%
2. Piaski
82%
8. Rondo Radosława
82%
24. Rondo Waszyngtona
78%
25. Rondo Waszyngtona
78%
14. Muzeum Powstania Warszawskiego
75%
18. Plac Starynkiewicza
73%
26. Aleja Zieleniecka
71%
7. Plac Grunwaldzki
67%
4. Park Olszyna
65%
6. Sady Żoliborskie
65%
9. Powązkowska
63%
11. Cmentarz Żydowski
61%
32. Kickiego
61%
10. Niska
61%
12. Żytnia
59%
30. Praga Południe-ratusz
57%
28. Bliska
55%
27. Lubelska
55%
29. Gocławska
53%
5. Włościańska
53%
3. Romaszewskiego
47%
31. Międzyborska
45%
Nie znaleziono quizów pasujących do podanych kryteriów
Rozkład punktacji
Procent ludzi z każdym wynikiem
Percentyl według liczby udzielonych odpowiedzi
Twoja historia wyników
Nie rozwiązałeś tego quizu